| 000 | 01243cab a2200217 4500 | ||
|---|---|---|---|
| 001 | ##L132802 | ||
| 008 | 060309n2006 000 0 eng u | ||
| 035 | _a(Sirsi) u132802 | ||
| 041 | 0 | _aeng | |
| 110 | 1 |
_aUnited Kingdom _bDepartment of Trade and Industry |
|
| 245 | 0 | 0 |
_aOutput and employment in the construction industry _bfourth quarter 2005 |
| 260 | _c2006 | ||
| 490 | 0 |
_aDTI Press Release _v(OEC - Q405) 8 March 2006 |
|
| 520 | _aConstruction output in 2005 fell by 1% compared to the previous year; output in the fourth quarter of 2005 was unchanged compared to the third quarter. The total volume of new work in 2005 was also 1% lower than in 2004, but rose by a similar percentage in the fourth quarter compared with the previous quarter. The number or employees (seasonally adjusted) in employment in October 2005 was 2% lower than in July, but showed an increase of 2% compared to October 2004. | ||
| 590 | _aIKA140306 | ||
| 650 | 2 | 4 | _aDBERR OUTPUT AND EMPLOYMENT IN THE CONSTRUCTION INDUSTRY |
| 651 | 4 | _aGREAT BRITAIN | |
| 690 | _aBUILT ENVIRONMENT-CONSTRUCTION MARKET | ||
| 856 | 4 | 0 |
_uhttps://www.gnn.gov.uk/Content/Detail.asp?ReleaseID=224057&NewsAreaID=2 _zView the item free of charge at www.gnn.gov.uk... |
| 942 | _n0 | ||
| 999 |
_c76639 _d76639 |
||